Energy perspectives / (Record no. 159947)

MARC details
000 -LEADER
fixed length control field 00733cas a2200253 4500
008 - FIXED-LENGTH DATA ELEMENTS--GENERAL INFORMATION
fixed length control field
049 ## - LOCAL HOLDINGS (OCLC)
Holding library MAIN
090 ## - LOCALLY ASSIGNED LC-TYPE CALL NUMBER (OCLC); LOCAL CALL NUMBER (RLIN)
Classification number (OCLC) (R) ; Classification number, CALL (RLIN) (NR) TJ163.2
003 - CONTROL NUMBER IDENTIFIER
control field
005 - DATE AND TIME OF LATEST TRANSACTION
control field 20230123134108.0
040 ## - CATALOGING SOURCE
Transcribing agency NUST
245 00 - TITLE STATEMENT
Title Energy perspectives /
Statement of responsibility, etc. edited by Milton R. Copulos.
260 ## - PUBLICATION, DISTRIBUTION, ETC.
Place of publication, distribution, etc. Washington, D. C. :
Name of publisher, distributor, etc. The heritage Foundation,
Date of publication, distribution, etc. [2002?].
300 ## - PHYSICAL DESCRIPTION
Extent xii, 414 p. :
Other physical details ill.
Dimensions 24 cm.
510 2# - CITATION/REFERENCES NOTE
Name of source Energy.
510 2# - CITATION/REFERENCES NOTE
Name of source Environment.
650 #0 - SUBJECT ADDED ENTRY--TOPICAL TERM
Topical term or geographic name entry element Energy policy.
650 #0 - SUBJECT ADDED ENTRY--TOPICAL TERM
Topical term or geographic name entry element Power resources
Geographic subdivision United States
700 ## - ADDED ENTRY--PERSONAL NAME
Personal name Copulos, Milton R.
710 2# - ADDED ENTRY--CORPORATE NAME
Corporate name or jurisdiction name as entry element Battelle Memorial Institute.
730 ## - ADDED ENTRY--UNIFORM TITLE
Uniform title Energy perspect.
907 ## - LOCAL DATA ELEMENT G, LDG (RLIN)
a .b10175349
b 13-09-05
c 12-09-05
942 ## - ADDED ENTRY ELEMENTS (KOHA)
Koha item type Ordinary Loan Books
Call number prefix TJ163.2
Holdings
Date last seen Total Checkouts Full call number Barcode Cost, replacement price Price effective from Koha item type Lost status Source of classification or shelving scheme Damaged status Not for loan Collection Withdrawn status Home library Current library Shelving location Date acquired Cost, normal purchase price
01/23/2023 3 TJ163.2 ENE 92003016674 80.00 01/23/2023 BOOKS   LCC     NFIC   MAIN MAIN GEN 01/23/2023 80.00